[Event "AUTO-ELITE-1770"]
[Site "http://www.queenalice.com/game.php?id=1456124"]
[Date "2016.12.23"]
[Round "1"]
[White "krodo"]
[Black "TheRealHousekeeper"]
[Result "1-0"]
[WhiteElo "2649"]
[BlackElo "2393"]

1. e4 c5 2. Nf3 d6 3. d4 cxd4 4. Nxd4 Nf6 5. Nc3 g6 6. Be3 Bg7 7. f3 a6 8. Qd2
h5 9. Be2 Nbd7 10. O-O O-O 11. a4 Ne5 12. Nd5 Nxd5 13. exd5 e6 14. dxe6 Bxe6 15.
Nxe6 fxe6 16. f4 Ng4 17. Bxg4 hxg4 18. Qe2 Bxb2 19. Rab1 Qf6 20. Rfd1 Ba3 21.
Qxg4 Rf7 22. Rb3 Bc5 23. Bxc5 dxc5 24. Re3 Re8 25. g3 e5 26. Rd5 Kg7 27. Qe2 Qc6
28. Rexe5 Qxd5 29. Rxe8 Rd7 30. Kf2 Qd4+ 31. Qe3 Kf7 32. a5 Qxe3+ 33. Rxe3 Rd2+
34. Re2 Rd4 35. c3 Ra4 36. Rb2 Rxa5 37. Rxb7+ Kf6 38. g4 Ra2+ 39. Kf3 Rxh2 40.
g5+ Ke6 41. Rg7 Rh3+ 42. Ke4 Rxc3 43. Rxg6+ Kd7 44. Rxa6 c4 45. f5 1-0

[Event "AUTO-ELITE-1770"]
[Site "http://www.queenalice.com/game.php?id=1456125"]
[Date "2016.12.23"]
[Round "1"]
[White "TheRealHousekeeper"]
[Black "krodo"]
[Result "1/2-1/2"]
[WhiteElo "2368"]
[BlackElo "2653"]

1. d4 Nf6 2. Bg5 d5 3. Bxf6 exf6 4. e3 c5 5. Ne2 Nc6 6. Nbc3 Be6 7. Qd2 cxd4 8.
Nxd4 Be7 9. Bb5 Rc8 10. Nce2 O-O 11. O-O Bd6 12. c3 Qb6 13. Ba4 Rfd8 14. Bb3 Qc7
15. h3 a6 16. Rfd1 Rd7 17. Nxe6 fxe6 18. e4 Na5 19. exd5 Nxb3 20. axb3 Rcd8 21.
Qc2 exd5 22. Rd2 Bh2+ 23. Kh1 Be5 24. Rad1 g6 25. Nd4 Re8 26. g3 f5 27. Re2 Rde7
28. Nf3 d4 29. Nxe5 Rxe5 30. cxd4 Qxc2 31. Rxc2 Re2 32. Rdd2 Rxd2 33. Rxd2 Kf7
34. Rc2 Rd8 35. Rc7+ Kg8 36. Rxb7 Rxd4 37. Kg2 Rd2 38. Rb6 Rxb2 1/2-1/2

[Event "greggy-2"]
[Site "http://www.queenalice.com/game.php?id=1467658"]
[Date "2017.3.6"]
[Round "4"]
[White "krodo"]
[Black "fontaine"]
[Result "1/2-1/2"]
[WhiteElo "2650"]
[BlackElo "2658"]

1. d4 d5 2. c4 c6 3. Nf3 Nf6 4. e3 e6 5. Nbd2 c5 6. cxd5 exd5 7. b3 Nc6 8. Bb2
cxd4 9. Nxd4 Bd6 10. Bb5 Bd7 11. O-O a6 12. Nxc6 bxc6 13. Ba4 O-O 14. Nc4 Bb8
15. Ne5 Bxe5 16. Bxe5 Re8 17. Bb2 Qe7 18. Rc1 Rac8 19. Bd4 Ng4 20. Qf3 Ne5 21.
Qg3 f6 22. Rfd1 Kh8 23. Qf4 c5 24. Bxd7 Nxd7 25. Bc3 c4 26. Qf5 Ne5 27. Rxd5
cxb3 28. axb3 Qb7 29. Rdd1 Qxb3 30. Bxe5 Rxc1 31. Rxc1 fxe5 32. h3 h6 33. Qg6
Qe6 34. Qe4 Rc8 35. Rxc8+ Qxc8 36. Qxe5 Qd8 37. e4 a5 38. Qa1 1/2-1/2

[Event "kasker-3"]
[Site "http://www.queenalice.com/game.php?id=1479126"]
[Date "2017.5.21"]
[Round "5"]
[White "patoche"]
[Black "krodo"]
[Result "1/2-1/2"]
[WhiteElo "2669"]
[BlackElo "2650"]

1. d4 Nf6 2. c4 e6 3. Nc3 Bb4 4. e3 O-O 5. Bd3 d5 6. a3 Bxc3+ 7. bxc3 Nc6 8.
cxd5 exd5 9. Ne2 Na5 10. O-O b6 11. a4 Re8 12. Nf4 Bb7 13. Re1 h6 14. Ba3 Rc8
15. f3 c5 16. dxc5 bxc5 17. Rb1 Qc7 18. Qe2 Rcd8 1/2-1/2

[Event "AUTO-ELITE-1885"]
[Site "http://www.queenalice.com/game.php?id=1497893"]
[Date "2017.10.7"]
[Round "1"]
[White "pickles"]
[Black "krodo"]
[Result "1/2-1/2"]
[WhiteElo "2566"]
[BlackElo "2653"]

1. d4 d5 2. c4 c6 3. Nf3 Nf6 4. Nc3 e6 5. e3 Nbd7 6. Bd3 dxc4 7. Bxc4 b5 8. Bd3
a6 9. e4 c5 10. e5 cxd4 11. Nxb5 axb5 12. exf6 b4 13. Bb5 gxf6 14. Nxd4 Qb6 15.
O-O Ra5 16. Bc6 Bb7 17. Bxb7 Qxb7 18. Qc2 Rc5 19. Qb3 Rh5 20. Qg3 Rd5 21. Be3 h5
22. Rac1 Ne5 23. Nf3 h4 24. Qh3 Ng6 25. Rc2 Be7 26. Nd4 O-O 27. Nc6 f5 28. Nxe7+
Qxe7 29. Qf3 Rfd8 30. h3 Rd3 31. Qc6 f4 32. Bb6 R8d5 33. f3 Ne5 34. Qc8+ Kh7 35.
Rc5 Rxc5 36. Bxc5 Qg5 37. Bxb4 Nxf3+ 38. Kh1 Ne5 39. Bc3 Ng6 40. Qc6 Kh6 41. Qe4
Re3 42. Qd4 e5 43. Qd2 f6 44. a4 e4 1/2-1/2

[Event "AUTO-ELITE-1885"]
[Site "http://www.queenalice.com/game.php?id=1497894"]
[Date "2017.10.7"]
[Round "1"]
[White "krodo"]
[Black "pickles"]
[Result "1-0"]
[WhiteElo "2646"]
[BlackElo "2573"]

1. e4 e5 2. Nf3 Nc6 3. Bb5 a6 4. Ba4 Nf6 5. O-O Nxe4 6. d4 d5 7. Nxe5 Bd7 8.
Nxf7 Kxf7 9. Qh5+ Kf6 10. Bxc6 bxc6 11. f3 g6 12. Qe5+ Kf7 13. Qxh8 Nf6 14. Bg5
Be7 15. Qxd8 Rxd8 16. Nc3 c5 17. dxc5 Bxc5+ 18. Kh1 c6 19. Rad1 Be7 20. Rfe1 Rb8
21. Na4 Bf8 22. b3 Be6 23. g3 Nd7 24. Kg2 Re8 25. Be3 h5 26. c3 Bf5 27. Bg5 Be6
28. Nb2 Bg7 29. Na4 Bf8 30. Be3 Bf5 31. h3 Bd6 32. g4 Be6 33. Nb2 c5 34. Nd3 Rc8
35. Re2 Re8 36. Bg5 a5 37. Nf4 c4 38. Nxd5 cxb3 39. axb3 hxg4 40. hxg4 Bb8 41.
c4 Rh8 42. Nf4 Bxf4 43. Bxf4 Nc5 44. Rd6 Re8 45. Re3 1-0

[Event "AUTO-ELITE-1885"]
[Site "http://www.queenalice.com/game.php?id=1497899"]
[Date "2017.10.7"]
[Round "1"]
[White "Donidon"]
[Black "krodo"]
[Result "0-1"]
[WhiteElo "2392"]
[BlackElo "2651"]

1. e4 c5 2. Nf3 d6 3. d4 cxd4 4. Nxd4 Nf6 5. Nc3 a6 6. Bc4 e6 7. Bb3 Nbd7 8. O-O
Nc5 9. f4 Nfxe4 10. Nxe4 Nxe4 11. f5 e5 12. Ne2 Qb6+ 13. Kh1 Nf2+ 14. Rxf2 Qxf2
15. Ng3 Bd7 16. Qf3 Qe1+ 17. Qf1 Qxf1+ 18. Nxf1 Bxf5 19. Ne3 Be6 20. Nd5 Rc8 21.
c3 Rc5 22. c4 h5 23. Be3 Rc8 24. Rd1 b5 25. cxb5 axb5 26. Kg1 f5 27. Nc7+ Rxc7
28. Bxe6 g6 29. Bb3 Kd7 30. Bb6 Rc6 31. Ba5 Bh6 32. Bc3 Ke7 33. Rd5 Rb8 34. Bb4
Be3+ 35. Kf1 Bd4 36. Ke2 Bxb2 37. g3 Bc3 38. Bxc3 Rxc3 39. Kd2 Rc5 40. Rd3 Rbc8
41. h3 e4 42. Rd4 Rc3 0-1

[Event "AUTO-ELITE-1885"]
[Site "http://www.queenalice.com/game.php?id=1497900"]
[Date "2017.10.7"]
[Round "1"]
[White "krodo"]
[Black "Donidon"]
[Result "1-0"]
[WhiteElo "2644"]
[BlackElo "2337"]

1. e4 e6 2. d4 d5 3. exd5 exd5 4. c4 c6 5. Nc3 Nf6 6. Nf3 Be7 7. Bd3 O-O 8. O-O
Nbd7 9. cxd5 cxd5 10. Bf4 a6 11. Re1 Nb6 12. Rc1 h6 13. Bc7 Qxc7 14. Nxd5 Qd8
15. Nxe7+ Kh8 16. Qb3 Nbd5 17. Nxc8 Rxc8 18. Qxb7 Rb8 19. Qxa6 Rxb2 20. Ne5 Nb4
21. Nxf7+ Rxf7 22. Rc8 Ng8 23. Rxd8 Nxa6 24. Ree8 1-0

[Event "AUTO-ELITE-1889"]
[Site "http://www.queenalice.com/game.php?id=1498928"]
[Date "2017.10.15"]
[Round "1"]
[White "Alsina"]
[Black "krodo"]
[Result "0-1"]
[WhiteElo "2426"]
[BlackElo "2661"]

1. Nf3 d5 2. d4 Bf5 3. c4 e6 4. Nc3 Bb4 5. Ne5 a5 6. cxd5 exd5 7. g4 Be4 8. f3
Qh4+ 9. Kd2 Bg6 10. a3 Bxc3+ 11. Kxc3 Nc6 12. Nxc6 bxc6 13. Bf4 h5 14. Rg1 a4
15. Rc1 Kd7 16. e3 Ne7 17. Bg3 Qf6 18. gxh5 Bf5 19. Be5 Qh6 20. Bf4 Qxh5 21. Bd3
Bxd3 22. Kxd3 Rab8 23. Rc2 Ng6 24. Bg3 Rb3+ 25. Kd2 Qh6 26. f4 Qh3 27. Kc1 Ne7
28. Qe2 Qe6 29. Re1 Nf5 30. Bf2 Nd6 31. Qa6 Nc4 32. e4 Rxh2 33. exd5 Qxd5 34.
Qxc4 Qxc4 35. Rxc4 Rxf2 36. Rc2 Rxf4 37. Rg1 g6 38. Kb1 Rb6 39. Rg3 Rxd4 40. Rf2
Ke7 41. Re2+ Kf8 42. Rh3 Kg7 0-1

[Event "AUTO-ELITE-1889"]
[Site "http://www.queenalice.com/game.php?id=1498929"]
[Date "2017.10.15"]
[Round "1"]
[White "krodo"]
[Black "Alsina"]
[Result "1-0"]
[WhiteElo "2664"]
[BlackElo "2428"]

1. c4 Nf6 2. d4 e6 3. Nc3 Bb4 4. e3 O-O 5. Bd3 d5 6. Nf3 c5 7. O-O Nc6 8. cxd5
exd5 9. dxc5 Bxc5 10. h3 Be6 11. b3 Qe7 12. a3 h6 13. Ne2 a5 14. Bb2 Ne4 15. Nf4
Rfd8 16. Qe2 Rac8 17. Rfd1 Bd6 18. Bc2 b6 19. Rdc1 Re8 20. Nxe6 Qxe6 21. Bd3 Be7
22. Ba6 Rc7 23. Rc2 Bc5 24. Rac1 Ree7 25. Qd3 Nxf2 26. Rxf2 Bxe3 27. Rd1 Qe4 28.
Qe2 Ne5 29. Nd4 Bxf2+ 30. Qxf2 a4 31. bxa4 f6 32. Nf5 Re6 33. Rf1 Qxa4 34. Nd4
Ree7 35. Bb5 Qa5 36. a4 Qb4 37. Nf5 Re6 38. Bd4 Rb7 39. Rc1 Kh7 40. Rc8 Qb1+ 41.
Kh2 Qe4 42. Ng3 Qg6 43. Ne2 Ree7 44. Rd8 Nd3 45. Qf3 Ne5 46. Qxd5 Qf7 47. Nf4
Qxd5 48. Nxd5 Re6 49. Nf4 Ree7 50. Rd6 1-0

[Event "AUTO-ELITE-1889"]
[Site "http://www.queenalice.com/game.php?id=1498934"]
[Date "2017.10.15"]
[Round "1"]
[White "Albator007"]
[Black "krodo"]
[Result "1-0"]
[WhiteElo "2502"]
[BlackElo "2672"]

1. e4 e6 2. d4 d5 3. Nc3 Nf6 4. e5 Nfd7 5. f4 c5 6. Nf3 Nc6 7. Be3 a6 8. Qd2 b5
9. a3 Bb7 10. Bd3 Be7 11. O-O c4 12. Be2 Nb6 13. Bf2 O-O 14. h4 Bc8 15. g4 Bd7
16. h5 f5 17. exf6 Bxf6 18. Kg2 Rb8 19. Bg3 h6 20. Rae1 Be7 21. Bd1 Ra8 22. Ne2
a5 23. c3 b4 24. Bc2 bxc3 25. Qxc3 e5 26. dxe5 Bxg4 27. Ned4 Nxd4 28. Nxd4 Bc5
29. f5 Qg5 30. Rf4 Rfe8 31. f6 Bxh5 32. Rf5 1-0

[Event "AUTO-ELITE-1889"]
[Site "http://www.queenalice.com/game.php?id=1498935"]
[Date "2017.10.15"]
[Round "1"]
[White "krodo"]
[Black "Albator007"]
[Result "1-0"]
[WhiteElo "2667"]
[BlackElo "2507"]

1. d4 Nf6 2. c4 g6 3. Nc3 Bg7 4. e4 d6 5. Be2 O-O 6. Nf3 e5 7. O-O Nc6 8. d5 Ne7
9. h3 Ne8 10. Re1 f5 11. Bd3 Nf6 12. Bg5 h6 13. Be3 f4 14. Bd2 g5 15. c5 Ng6 16.
b4 g4 17. hxg4 Nxg4 18. c6 Nh4 19. Rf1 b6 20. a4 Nxf3+ 21. Qxf3 Rf6 22. Be2 1-0